Normal view MARC view

Entry Término temático

Number of records used in: 1

001 - NÚMERO DE CONTROL

  • campo de control: 237397

003 - IDENTIFICADOR DE NÚMERO DE CONTROL

  • campo de control: ES-MaACL

005 - FECHA Y HORA DE LA ÚLTIMA TRANSACCIÓN

  • campo de control: 20250823005309.0

008 - ELEMENTOS DE DATO DE LONGITUD-FIJA

  • campo de control de longitud fija: 240712|| aca||aabn | a|a d

040 ## - FUENTE DE CATALOGACIÓN

  • Centro catalogador/agencia de origen: ES-MaACL
  • Centro/agencia transcriptor: ES-MaACL

150 ## - ENCABEZAMIENTO--TÉRMINO DE MATERIA

  • Término de materia o nombre geográfico como elemento de entrada: Música-
  • Subdivisión geográfica: Don Benito

670 ## - FUENTE DE DATOS ENCONTRADOS

  • Cita de la fuente: Work cat.: (ES-MaACL)195726: Colomo, Carmen aut XX992698 237396, Don Benito como paradigma de la vida musical en Extremadura, 2016